HOW TO WRITE CORRECT ENGLISH (Record no. 41092)

000 -LEADER
fixed length control field 00262nam a2200109Ia 4500
008 - FIXED-LENGTH DATA ELEMENTS--GENERAL INFORMATION
fixed length control field 230203s9999 xx 000 0 und d
100 ## - MAIN ENTRY--PERSONAL NAME
Personal name SINHA P R
245 #0 - TITLE STATEMENT
Title HOW TO WRITE CORRECT ENGLISH
260 ## - PUBLICATION, DISTRIBUTION, ETC.
Place of publication, distribution, etc. Delhi
Name of publisher, distributor, etc. BHARAT BHARTI
Date of publication, distribution, etc. 1991
300 ## - PHYSICAL DESCRIPTION
Extent 599
942 ## - ADDED ENTRY ELEMENTS (KOHA)
Koha item type Book
Holdings
Withdrawn status Lost status Source of classification or shelving scheme Damaged status Not for loan Collection code Permanent Location Current Location Date acquired Total Checkouts Full call number Barcode Date last seen Date last checked out Price effective from Koha item type
          School of Arts and Humanity Central Library, MUIT, Lucknow Central Library, MUIT, Lucknow 2023-02-03 1 425 SIN-H SOA6498 2024-10-07 2024-09-25 2023-02-03 Reference Book

All Rights Reserved@MUIT

Powered by Koha